[Akademický jazyk v slovenskom univerzitnom prostredí]
Recenzia na učebnicu, ktorej cieľom je poskytnúť študentom učebný materiál, ktorý môžu využiť predovšetkým pri príprave záverečných prác.
Guardado en:
| Autor principal: | |
|---|---|
| Formato: | Capítulo de libro |
| Lenguaje: | eslovaco |
| Materias: | |
| Etiquetas: |
Sin Etiquetas, Sea el primero en etiquetar este registro!
|
MARC
| LEADER | 00000naa a2200000 4500 | ||
|---|---|---|---|
| 001 | 0250182 | ||
| 005 | 20240502074016.0 | ||
| 041 | 0 | |a slo | |
| 044 | |a SK | ||
| 245 | 1 | 0 | |a [Akademický jazyk v slovenskom univerzitnom prostredí] |c Katarína Seresová |
| 520 | |a Recenzia na učebnicu, ktorej cieľom je poskytnúť študentom učebný materiál, ktorý môžu využiť predovšetkým pri príprave záverečných prác. | ||
| 610 | 2 | 0 | |a recenzie |
| 610 | 2 | 0 | |a jazyky cudzie |
| 610 | 2 | 0 | |a práce kvalifikačné |
| 610 | 2 | 0 | |a študenti |
| 100 | 1 | |a Seresová, Katarína, 1967- | |